000 00713nam a22001817a 4500
005 20251108163336.0
008 250721s1997 xx 000 0 ara d
082 1 4 _a/216,22عرب
100 1 _aإبن العربي، محيي الدين أبو بكر محمد بن علي
245 1 0 _aمعارج العارفين و مدارج السالكين إلى رب العالمين :
_bالعبادات : الصلاة /
264 1 _aعمان :
_c1997.
300 _a242 ص
490 0 _aموسوعة إسعاد البشريه بفهم الفتوح المكية
650 1 7 _aالصلوات
700 1 _aعبد الهلالي، أبو محمد عبد الله عوض
_eتحقيق
942 _2ddc
_cREF
999 _c263
_d263